Library Banner

Darsi seerat almaroof assahusseer (Urdu) (Record no. 56348)

MARC details
000 -LEADER
fixed length control field 00517nam a2200169Ia 4500
001 - CONTROL NUMBER
control field 59020
008 - FIXED-LENGTH DATA ELEMENTS--GENERAL INFORMATION
fixed length control field 140520s9999 xx 000 0 und d
020 ## - INTERNATIONAL STANDARD BOOK NUMBER
International Standard Book Number NA
040 ## - CATALOGING SOURCE
Transcribing agency PK-LaUMT
082 ## - DEWEY DECIMAL CLASSIFICATION NUMBER
Classification number 297
Item number TAR-D
100 ## - MAIN ENTRY--PERSONAL NAME
Personal name Tariq Bashir
245 ## - TITLE STATEMENT
Title Darsi seerat almaroof assahusseer (Urdu)
Remainder of title Sarwar-e-Kainaat Hadi-e-Aalam Muhammad Mustafa Sallallaho Alaihe Wassallam ki seerat tayyaba
Statement of responsibility, etc Tariq Bashir
260 ## - PUBLICATION, DISTRIBUTION, ETC. (IMPRINT)
Place of publication, distribution, etc Karachi,Pakistan:
Name of publisher, distributor, etc Maktabah Baitul Ilm,
Date of publication, distribution, etc 1423 H
300 ## - PHYSICAL DESCRIPTION
Extent 243 p.
546 ## - LANGUAGE NOTE
Language note UR
942 ## - ADDED ENTRY ELEMENTS (KOHA)
Koha item type Books
Holdings
Withdrawn status Lost status Source of classification or shelving scheme Damaged status Not for loan Home library Current library Date acquired Total Checkouts Full call number Barcode Date last seen Date checked out Price effective from Koha item type Total Renewals
    Dewey Decimal Classification     UMT Main Campus UMT Main Campus 2014-05-20 1 297 TAR-D 78696 2019-04-12 2019-03-03 2014-05-21 Books  
    Dewey Decimal Classification     UMT Main Campus UMT Main Campus 2014-06-28 3 297 TAR-D 78697 2020-12-19 2020-12-05 2014-06-28 Books 1